000 002150000a22000970004500
100 1 _aMiller, Randy
245 1 0 _aI cannot forget the war
300 _aNúm 46 (1995), Páginas 6-7
773 0 _tTogether
942 _cANA
999 _c57214
_d57214